| 000 | 00548nam a2200169 i 4500 | ||
|---|---|---|---|
| 001 | 182352 | ||
| 003 | ES-MaACL | ||
| 005 | 20230906221604.0 | ||
| 008 | 130805s1990 fr |||| | fre d | ||
| 020 | _a2-240-70394-6 | ||
| 245 | 0 | 0 |
_aDites-le en 20 langues / _cNadine Decourt,..[et al.]. |
| 250 | _a2e édition corrigée. | ||
| 260 |
_aMontrouge : _bCNDP - Documentation migrants, _c[1990] |
||
| 300 |
_a24 p. : _bil. ; _c21 cm. |
||
| 700 | 1 |
_aDecourt, Nadine. _9153169 |
|
| 852 |
_aES-MaACL _j2319-F-12 _z.- Biblioteca Jacinto Martínez Lacalle |
||
| 999 |
_c182352 _d182352 |
||